101 survival tips for your business / (Record no. 135810)

MARC details
000 -LEADER
fixed length control field 00855nam a22002537a 4500
003 - CONTROL NUMBER IDENTIFIER
control field dpl
005 - DATE AND TIME OF LATEST TRANSACTION
control field 20180622121426.0
008 - FIXED-LENGTH DATA ELEMENTS--GENERAL INFORMATION
fixed length control field 180622b xxu||||| |||| 00| 0 eng d
010 ## - LIBRARY OF CONGRESS CONTROL NUMBER
LC control number B-228333
020 ## - INTERNATIONAL STANDARD BOOK NUMBER
Terms of availability 175.00
International Standard Book Number 8179924327
035 ## - SYSTEM CONTROL NUMBER
System control number B-228333, B-228340
037 ## - SOURCE OF ACQUISITION
Source of stock number/acquisition Cen Lib/Ret
040 ## - CATALOGING SOURCE
Original cataloging agency DPL
Language of cataloging EN
Transcribing agency 0
082 ## - DEWEY DECIMAL CLASSIFICATION NUMBER
Classification number 658.4
Item number GRI
100 ## - MAIN ENTRY--PERSONAL NAME
Personal name Griffiths, Andrew
9 (RLIN) 98561
245 ## - TITLE STATEMENT
Title 101 survival tips for your business /
Statement of responsibility, etc by Andrew Griffiths
246 ## - VARYING FORM OF TITLE
Title proper/short title One hundread one survival tips for your business /
260 ## - PUBLICATION, DISTRIBUTION, ETC. (IMPRINT)
Place of publication, distribution, etc Mumbai
Name of publisher, distributor, etc Jaico Publishing House
Date of publication, distribution, etc 2005
270 ## - ADDRESS
City Mumbai
Address 121 Mahatma Gandhi Road
Postal code 400 023
300 ## - PHYSICAL DESCRIPTION
Extent xvi,232p.
Dimensions 20cm(Hb)
650 ## - SUBJECT ADDED ENTRY--TOPICAL TERM
Topical term or geographic name as entry element Small business -- Management -- Handbooks, manuals, etc.
9 (RLIN) 98562
650 ## - SUBJECT ADDED ENTRY--TOPICAL TERM
Topical term or geographic name as entry element Small business -- Management.
9 (RLIN) 14011
942 ## - ADDED ENTRY ELEMENTS (KOHA)
Source of classification or shelving scheme Dewey Decimal Classification
Koha item type English Books
Classification part 658.4
Call number suffix GRI
Holdings
Withdrawn status Lost status Damaged status Not for loan Home library Current library Date acquired Source of acquisition Cost, normal purchase price Total Checkouts Total Renewals Full call number Barcode Date last seen Date checked out Copy number Cost, replacement price Price effective from Koha item type Source of classification or shelving scheme Collection code
        Central Library Central Library 08/10/2015 Cen Lib/Ret 175.00 10 2 658.4 GRI B-228333 04/01/2023 20/12/2022 1 175.00 08/10/2015 English Books    
        Sarojini Nagar Sarojini Nagar 07/05/2019         658.4 GRI B-228335 07/05/2019       07/05/2019 English Books Dewey Decimal Classification  
        Shahdara Branch Shahdara Branch 22/06/2018 BPPD/PUB 175.00 1 1 658.4 GRI B-228340 04/09/2021 15/03/2021   175.00 22/06/2018 English Books Dewey Decimal Classification Non-fiction

© Delhi Public Library
Hit Counter
free hit counter